Rise of Nations(Roblox) Quiz - Statistics

General Stats
  • This quiz has been taken 22 times
  • The average score is 15 of 20
Answer Stats
Hint Answer % Correct
What year does the game start in? 2019
93%
China
93%
What 3 countries require XP to play as? India
93%
What building do you need to build before making a nuke? Silo
93%
United States
93%
Who is the developer of Rise of Nations? Hyperant
86%
What formable requires the US to invade Canada and Mexico? North American Union
86%
What recourse do you need to operate a fertilizer factory? Phosphate
79%
Where is the city of Gay located? Russia
79%
In order to make tanks, you need motor parts and _____ Steel
79%
What is Romania's only releasable? Transylvania
79%
How much robux do private servers cost? 50
71%
What formable gives you the title "Archduke"? Austria-Hungary
71%
What is France's largest releasable? Occitania
71%
How much money do you start with? 100000000
64%
How much XP do you need to get the "Warlord" title? 250000
57%
What formable gives you the title "Vozhd"? Soviet Union
57%
What is the weakest country? Tokelau
57%
How much infantry do most countries spawn with 20k
50%
What is the smallest in-game city? (It's in Antarctia) Vostok
50%
No matching quizzes found
Score Distribution
Percent of People with Each Score
Percentile by Number Answered
Your Score History
You have not taken this quiz